Fiscalidad de los no residentes : según la doctrina administrativa / autores: Néstor Carmona Fernández ... [et al.] según la doctrina administrativa / autores:
ISBN:
84-87410-35-9
Descripción Física:
391 p. ; 25 cm
Otros Autores:
Carmona Fernández, Néstor
MARC
| LEADER | 00000nam a2200000Ia 4500 | ||
|---|---|---|---|
| 001 | 18333 | ||
| 008 | 160829s1992 xx 000 0 cat d | ||
| 020 | |a 84-87410-35-9 | ||
| 080 | |a M-5-286 | ||
| 245 | |a Fiscalidad de los no residentes : |b según la doctrina administrativa / autores: |b Néstor Carmona Fernández ... [et al.] | ||
| 260 | |a Valencia : |b CISS, |c 1992 | ||
| 300 | |a 391 p. ; |c 25 cm | ||
| 650 | |a Impostos dobles |x Espanya |9 22001 | ||
| 650 | 0 | |a Dret fiscal |z Espanya |9 18737 | |
| 700 | |a Carmona Fernández, Néstor |9 22003 | ||
| 901 | |a Arxiu | ||
| 942 | |n 1 | ||
| 952 | |0 0 |1 0 |4 0 |6 M5286 |7 1 |9 41995 |a Arxiu |b Arxiu |d 2016-12-01 |l 0 |o M-5-286 |p 18333 |r 2016-12-01 00:00:00 |w 2016-12-01 |y ARXIU | ||
| 999 | |c 44442 |d 44442 | ||